Los diálogos (Linguae latinae exercitatio) de Juan Luis Vives / (Record no. 13885)

MARC details
000 -LEADER
campo de control de longitud fija 01194nam a2200301 i 4500
001 - NÚMERO DE CONTROL
campo de control 13885
003 - IDENTIFICADOR DE NÚMERO DE CONTROL
campo de control ES-MaACL
005 - FECHA Y HORA DE LA ÚLTIMA TRANSACCIÓN
campo de control 20250821153252.0
007 - CAMPO FIJO DE DESCRIPCIÓN FÍSICA--INFORMACIÓN GENERAL
campo de control de longitud fija t|
008 - DATOS DE LONGITUD FIJA--INFORMACIÓN GENERAL
campo de control de longitud fija 980720s1994 sp ||||l| spa d
020 ## - NÚMERO INTERNACIONAL ESTÁNDAR DEL LIBRO
Número Internacional Estándar del Libro 84-88639-20-1
080 ## - NÚMERO DE LA CLASIFICACIÓN DECIMAL UNIVERSAL
Número de la Clasificación Decimal Universal 873.3 Vives, Juan Luis 7 Exercitatio linguae latinae.06
080 ## - NÚMERO DE LA CLASIFICACIÓN DECIMAL UNIVERSAL
Número de la Clasificación Decimal Universal 1 Vives, Juan Luis:37
080 ## - NÚMERO DE LA CLASIFICACIÓN DECIMAL UNIVERSAL
Número de la Clasificación Decimal Universal 37:1 Vives, Juan Luis
100 1# - ENTRADA PRINCIPAL--NOMBRE DE PERSONA
Nombre de persona Calero, Francisco.
9 (RLIN) 33652
245 14 - MENCIÓN DEL TÍTULO
Título Los diálogos (Linguae latinae exercitatio) de Juan Luis Vives /
Mención de responsabilidad, etc. Francisco Calero.
260 ## - PUBLICACIÓN, DISTRIBUCIÓN, ETC.
Lugar de publicación, distribución, etc. Valencia :
Nombre del editor, distribuidor, etc. Ajuntament de Valencia,
Fecha de publicación, distribución, etc. 1994.
300 ## - DESCRIPCIÓN FÍSICA
Extensión 206 p. ;
Dimensiones 22 cm.
490 1# - MENCIÓN DE SERIE
Mención de serie Colección J.L. Vives ;
Designación de volumen o secuencia 3B
500 ## - NOTA GENERAL
Nota general Acompaña a: Linguae latinae exercitatio / Juan Luis Vives. Valencia : Ajuntament, 1994 (Colección J.L. Vives ; 3A). Signatura en Biblioteca del Ateneo: L-21068.
504 ## - NOTA DE BIBLIOGRAFÍA, ETC.
Nota de bibliografía, etc. Bibliografía: p. 201-204.
600 14 - PUNTO DE ACCESO ADICIONAL DE MATERIA--NOMBRE DE PERSONA
Nombre de persona Vives, Juan Luis.
Título de la obra Exercitatio linguae latinae.
9 (RLIN) 115579
600 14 - PUNTO DE ACCESO ADICIONAL DE MATERIA--NOMBRE DE PERSONA
Nombre de persona Vives, Juan Luis,
Fechas asociadas al nombre 1492-1540-
Subdivisión general Pensamiento pedagógico
9 (RLIN) 115577
710 1# - ENTRADA AGREGADA--NOMBRE DE ENTIDAD CORPORATIVA
Nombre de entidad corporativa o nombre de jurisdicción como elemento de entrada Valencia.
Unidad subordinada Ayuntamiento.
9 (RLIN) 7531
830 0# - PUNTO DE ACCESO ADICIONAL DE SERIE-TÍTULO UNIFORME
Título uniforme Colección J.L. Vives ;
Designación de volumen o secuencia 3B
9 (RLIN) 179554
852 ## - LOCALIZACIÓN
Ubicación ES-MaACL
Número de control de estantería L-21069
Holdings
Estatus retirado Estado de pérdida Estado de daño No para préstamo Biblioteca de origen Biblioteca actual Ubicación en estantería Fecha de adquisición Fuente de adquisición Total de préstamos Signatura topográfica completa Código de barras Visto por última vez Precio de reemplazo Tipo de ítem Koha
        Biblioteca del Ateneo de Madrid Biblioteca del Ateneo de Madrid Depósito 2 17/01/2008     L-21069 1014129 23/02/2023 23/02/2023 Libro impreso